Logo BPK

Biblioteka

Politechniki Koszalińskiej

Produkty mgnovennogo delenija U235, U238, Pu239 v integrale 0-1 č : (Rekord nr 12661)

Szczegóły MARC
000 -ETYKIETA REKORDU
podpole kontrolne o stałej długości 00517nam a2200181 i 4500
001 - NUMER KONTROLNY REKORDU
pole kontrolne bg
040 ## - ŹRÓDŁO KATALOGOWANIA
Instytucja, która utworzyła rekord BPK
041 ## - KOD JĘZYKA
Kod języka tekstu pol
080 ## - UNIWERSALNA KLASYFIKACJA DZIESIĘTNA - UKD
UKD 539.173
008 - POLE O STAŁEJ DŁUGOŚCI - DANE KONTROLNE
podpole kontrolne o stałej długości s pl f |000 0 pol
100 1# - NAZWA OSOBOWA
Nazwa osobowa Gresilov, A. A.
245 #0 - TYTUŁ/ODPOWIEDZIALNOŚĆ
Tytuł Produkty mgnovennogo delenija U235, U238, Pu239 v integrale 0-1 č :
Ciąg dalszy tytułu spravocnik /
Pozostałe elementy strefy tytułu i oznaczenia odpowiedzialności A. A. Gresilov, V. M. Kolobaskin, S. Demet'ev.
260 ## - STREFA ADRESU WYDAWNICZEGO
Miejsce wydania Moskva :
Nazwa wydawcy/dystrybutora Atomizdat,
Data publikacji, dystrybucji/powstania dokumentu 1969.
300 ## - STREFA OPISU FIZYCZNEGO
Objętość s. 103.
700 1# - HASŁO DODATKOWE - NAZWA OSOBOWA
Nazwa osobowa Kolobaskin, V. M.
700 1# - HASŁO DODATKOWE - NAZWA OSOBOWA
Nazwa osobowa Deme~7tev, S.
942 ## - DODATKOWE ELEMENTY (KOHA)
Typ dokumentu Książka
Egzemplarze
Wycofany Status egzemplarza Uszkodzony Dostępność Lokalizacja stała Lokalizacja bieżąca Miejsce przechowywania Sygnatura Kod kreskowy Typ dokumentu
      Dostępny Biblioteka Politechniki Koszalińskiej Biblioteka Politechniki Koszalińskiej Wypożyczalnia BG 7476 01787610 Książka
© 2023 Biblioteka Politechniki Koszalińskiej :: KOHA